000 00465nam a2200169 i 4500
001 43176
003 ES-MaACL
005 20240421063015.0
007 t|
008 030317s1972 sp ||||1| spa d
100 1 _aCelaya, Gabriel,
_d1911-1991
_937346
245 1 3 _aLa voz de los niƱos /
_cGabriel Celaya.
260 _aBarcelona :
_bLaia,
_c1972.
300 _a273 p. ;
_c19 cm.
852 _aES-MaACL
_jC-46486
_bR.83790
999 _c43176
_d43176